| 000 | 00780nam a2200205 i 4500 | ||
|---|---|---|---|
| 001 | 36510 | ||
| 003 | ES-MaACL | ||
| 005 | 20230906155402.0 | ||
| 007 | t| | ||
| 008 | 030218s1930 fr ||||1| fre d | ||
| 100 | 1 |
_aBroussaud, A. _931964 |
|
| 245 | 1 | 4 |
_aLes carreaux de Faïence peints dans l'Afrique du Nord / _cpar le General A. Broussaud. |
| 260 |
_aParis : _bLibrairie Plon, _c1930 ( _fD. Jacomet) |
||
| 300 |
_a17 p., 38 h. de lám. col. y n. ; _c32 cm. |
||
| 490 | 1 | _a1830-1930. Collection du centenaire de l'Algérie. Archéologie et histoire | |
| 650 | 4 |
_aAzulejos- _zÁfrica septentrional. _9158642 |
|
| 830 | 0 |
_a1830-1930. Collection du centenaire de l'Algérie. Archéologie et histoire _9229593 |
|
| 852 |
_aES-MaACL _jF-15981 _bR.20518 |
||
| 999 |
_c36510 _d36510 |
||